000 nam a22 a 4500
999 _c3977
_d3977
003 AKMAL
005 20170524142554.0
008 170524t1985 nyu 00 eng d
020 _a0070037485
040 _aAKMAL
_cAKMAL
082 0 4 _a823.914 BAR
090 _aBAR
100 1 _aBarnes, Julian
_97805
245 1 0 _aFlaubert's parrot /
_cJulian Barnes
250 _a1st ed.
260 _aNew York :
_bMcGraw-Hill,
_c1985
300 0 0 _a216p. ;
_c18cm
600 0 0 _aFlaubert, Gustave
_xAppreciation
_xFiction, etc
_y1821-1880
_97806
650 0 _aLiterary historians
_vFiction
_97807
650 0 _aBiographers
_xFiction
_97808
651 0 _aFrance
_vFiction
_97809
942 _2ddc
_cBOOK